| 000 | 00651nam a2200229 a 4500 | ||
|---|---|---|---|
| 001 | 73099 | ||
| 003 | BD-RjUL | ||
| 005 | 20211209082341.0 | ||
| 008 | 170528s1962 enka b 001 0 eng d | ||
| 035 | _a(BD-RjUL)73317 | ||
| 040 |
_aDLC _cODaWU _dBD-RjUL _beng |
||
| 041 | _aeng | ||
| 082 |
_223 _a621.381528 _bEVF 1962 |
||
| 100 | 1 |
_aEvans, Joseph, _d1925- _9216229 |
|
| 245 | 1 | 0 |
_aFundamental principles of transistors / _cJ. Evans |
| 250 | _a2nd ed. | ||
| 260 |
_aLondon : _bHeywood & Company, _cc1962. |
||
| 300 |
_axi, 332 p. : _bill. ; _c22 cm. |
||
| 504 | _aIncludes bibliography and index | ||
| 650 | 0 |
_aTransistors. _9216230 |
|
| 942 |
_2ddc _cBK |
||
| 999 |
_c73099 _d73099 |
||